| 000 | 01033 am a22001934a 4500 | ||
|---|---|---|---|
| 008 | 130130s2013 ua g 000 0 ara d | ||
| 020 | _a9771445594 | ||
| 082 | 0 | 4 |
_a217.6 _2 21 _bخ ر ب |
| 100 | 1 |
_aالخرباوي، ثروت. _932408 |
|
| 245 | 1 |
_aسر المعبد : _b الأسرار الخفية لجماعة الأخوان المسلمين / _cثروت الخرباوي. |
|
| 250 | _aط. 12. | ||
| 260 |
_aالقاهرة : _b دار نهضة مصر، _c2013. |
||
| 300 |
_a359ص. ؛ _c 24سم. |
||
| 505 | _aالمحتويات: يقدم الكتاب الاسرار الخفية لجماعة الاخوان المسلمين اسرار لم تكشف قبل من خلال خبير بها درسها وعايشها لسنوات . | ||
| 520 | _aقادة الجماعة عندما يجدون انفسهم امام انسان يفكر وانسان لايفكر فان الاختيار يكون من نصيب الثانى . | ||
| 650 | 1 | 7 |
_aالأخوان المسلمين _932409 |
| 653 |
_bAra _cFebruary2013 |
||
| 942 |
_2ddc _cBB |
||
| 999 |
_c17232 _d17204 |
||